| 000 | 01099nam a2200337Ia 4500 | ||
|---|---|---|---|
| 001 | dia_4861 | ||
| 003 | CHAP | ||
| 005 | 20251023173526.0 | ||
| 008 | 220117s2006 xx 000 0 und d | ||
| 010 | _a175665 | ||
| 020 | _a1-86094-580-5 \ 1-86094-664-X | ||
| 040 | _cCHAP | ||
| 082 | _a628.3 N48 2006 | ||
| 100 |
_aNg, Wun Jern _9156918 |
||
| 245 |
_aIndustrial wastewater treatment / _c Wun Jern Ng |
||
| 260 |
_aSingapore : _b Imperial College Press, _c2006 |
||
| 300 | _aix, 153 p. | ||
| 503 | _aC/e | ||
| 504 | _aBibliografía: p. 145-146 | ||
| 590 | _aTD897.8.A78 N48 2006 | ||
| 650 |
_aAguas residuales _xPurificación _xAsia _9156919 |
||
| 650 |
_aFactory and Trade Waste _xPurification _xAsia _9156920 |
||
| 650 |
_aPlantas depuradoras de agua _xAsia _9156921 |
||
| 650 |
_aResiduos industriales _xPurificación _xAsia _9156922 |
||
| 650 |
_aSawege _xPurification _9156923 |
||
| 650 |
_aSewage disposal plants _xAsia _9156924 |
||
| 901 | _a628.3 N48 2006 | ||
| 902 | _aM | ||
| 905 | _a5232272006 si dn 8222223322eng16 | ||
| 942 |
_cLIBRO _2ddc |
||
| 999 |
_c175665 _d175665 |
||